000
00255nam a2200109Ia 4500
005
20251222141953.0
008
251222s9999||||xx |||||||||||||| ||spa||
082
_a
269.285/B24
245
0
_a
Diócesis de Huacho:
264
_b
Obispado de Huacho
942
_c
LIB
999
_c
9761
_d
9761